[Event "Kolomna"]
[Site "Kolomna"]
[Date "2009.10.14"]
[Round "11"]
[White "Kozlov, Aleksei"]
[Black "Zasukhin, Valentin"]
[Result "0-1"]
[WhiteElo "2152"]
[BlackElo "2016"]
[PlyCount "80"]
[EventDate "2009.09.27"]
[EventType "tourn"]
[EventRounds "11"]
[EventCountry "RUS"]
[SourceTitle "EXT 2010"]
[Source "ChessBase"]
[SourceDate "2010.11.25"]
[SourceVersion "1"]
[SourceVersionDate "2010.11.25"]
[SourceQuality "1"]

1. e4 e6 2. d4 d5 3. e5 c5 4. c3 Nc6 5. f4 Qb6 6. Nf3 Nh6 7. Be2 cxd4 8. cxd4 Nf5 9. Nc3 Nfxd4 10. Nxd4 Nxd4 11. Na4 Bb4+ 12. Kf1 Qa5 13. Qxd4 Qxa4 14. Bd2 a5 15. b3 Qd7 16. Bxb4 axb4 17. Qxb4 Qe7 18. Qb5+ Kf8 19. a4 g6 20. Qb6 Kg7 21. b4 Bd7 22. b5 Qb4 23. g3 Rxa4 24. Rxa4 Qxa4 25. Qxb7 Rd8 26. Qc7 Qa8 27. b6 Qb8 28. Kf2 Rc8 29. Qxd7 Qxb6+ 30. Kg2 Rc2 31. Re1 Qe3 32. Kf1 Qe4 33. Kf2 d4 34. Qa4 Qe3+ 35. Kf1 d3 36. Qa8 Rxe2 37. Rxe2 Qxe2+ 38. Kg1 d2 39. Qa4 d1Q+ 40. Qxd1 Qxd1+ 0-1

[Event "Kolomna"]
[Site "Kolomna"]
[Date "2009.10.03"]
[Round "4"]
[White "Fedorov, Aleksander"]
[Black "Zasukhin, Valentin"]
[Result "0-1"]
[WhiteElo "2167"]
[BlackElo "2016"]
[PlyCount "84"]
[EventDate "2009.09.27"]
[EventType "tourn"]
[EventRounds "11"]
[EventCountry "RUS"]
[SourceTitle "EXT 2010"]
[Source "ChessBase"]
[SourceDate "2010.11.25"]
[SourceVersion "1"]
[SourceVersionDate "2010.11.25"]
[SourceQuality "1"]

1. c4 c6 2. e4 e6 3. Nc3 Bb4 4. Nge2 Ne7 5. a3 Bxc3 6. Nxc3 d5 7. cxd5 exd5 8. exd5 Nxd5 9. d4 0-0 10. Be2 Re8 11. 0-0 Bf5 12. Bf3 Nxc3 13. bxc3 Na6 14. Be3 Nc7 15. c4 Be4 16. Bxe4 Rxe4 17. Qf3 Qe7 18. Rfd1 Rd8 19. Rd3 f6 20. Rad1 Qe6 21. h3 f5 22. d5 cxd5 23. Bxa7 Rxc4 24. Rb3 b5 25. Be3 Qe4 26. Qxe4 fxe4 27. Bb6 d4 28. Bxc7 Rxc7 29. Rxb5 d3 30. Rb2 Kf7 31. Kh2 Ke6 32. Rb4 Ke5 33. f3 Rd4 34. Rb5+ Kf4 35. fxe4 d2 36. Rbb1 Kxe4 37. a4 Ke3 38. Ra1 Ke2 39. a5 Ra7 40. Kg1 Rd5 41. Kh2 Raxa5 42. Rab1 Rdb5 0-1